عرض عادي
عرض مارك
- McPeak, Jeremy,
مدخل إسم شخص
001 - رقم الضبط
- حقل الضبط: 8738
003 - معرف رقم الضبط
- حقل الضبط: OSt
005 - تاريخ ووقت أخر عملية
- حقل الضبط: 20111220152054.0
008 - عناصر بيانات ثابتة الطول
- حقل تحكم ثابت الطول: 111220|||a|||||| | ||| d
040 ## - مصدر الفهرسة
- هيئة الفهرسة الأصلية: OSt
- وكالة الكتابة: OSt
100 ## - مدخل -- أسم شخص
- إسم شخص: McPeak, Jeremy,
- تواريخ مرتبطة بالاسم: 1979-
670 ## - بيانات المصدر موجوده
- الاستشهاد بالمصدر: Work cat.: (OSt)3708: Wilton, Paul, 1969- 8737, Beginning JavaScript /, c2007.
